| 000 | 00523nam a2200181Ia 4500 | ||
|---|---|---|---|
| 999 |
_c14385 _d14385 |
||
| 003 | OSt | ||
| 005 | 20201021125024.0 | ||
| 008 | 190216s9999||||xx |||||||||||||| ||und|| | ||
| 020 | _a9780192807359 | ||
| 040 | _coclc | ||
| 082 |
_a113 _bPLA/T |
||
| 100 |
_aPlato _95978 |
||
| 245 | 0 |
_aTimaeus And Critias / _cPlato ; Robin Waterfield ; Andrew Gregory |
|
| 260 |
_bOxford University Press , _aNew Delhi: _c2008. |
||
| 300 | _a173p | ||
| 650 | _aEnglish | ||
| 942 |
_cBK _2ddc _h113 _iPLA/T _k113 _mPLA/T |
||